MARC details
| 000 -CABECERA |
| campo de control de longitud fija |
01654nam a22002057a 4500 |
| 008 - DATOS DE LONGITUD FIJA--INFORMACIÓN GENERAL |
| campo de control de longitud fija |
250616b |||||||| |||| 00| 0 eng d |
| 020 ## - NÚMERO INTERNACIONAL ESTÁNDAR DEL LIBRO |
| Número Internacional Estándar del Libro |
9781472295347 |
| 040 ## - FUENTE DE LA CATALOGACIÓN |
| Centro/agencia transcriptor |
tbs |
| 041 ## - CÓDIGO DE LENGUA |
| Código de lengua del texto/banda sonora o título independiente |
eng |
| 100 ## - ENTRADA PRINCIPAL--NOMBRE DE PERSONA |
| Nombre de persona |
Elston, Ashley |
| 9 (RLIN) |
25448 |
| Término indicativo de función/relación |
author |
| 245 ## - MENCIÓN DE TÍTULO |
| Título |
First lie wins |
| Mención de responsabilidad, etc. |
/ Ashley Elston. |
| 260 ## - PUBLICACIÓN, DISTRIBUCIÓN, ETC. |
| Lugar de publicación, distribución, etc. |
London : |
| Nombre del editor, distribuidor, etc. |
Headline Publishing, |
| Fecha de publicación, distribución, etc. |
2024. |
| 300 ## - DESCRIPCIÓN FÍSICA |
| Extensión |
386 pages ; |
| Dimensiones |
20 cm. |
| 520 ## - SUMARIO, ETC. |
| Sumario, etc. |
Evie Porter has everything a nice, Southern girl could want: a perfect, doting boyfriend, a house with a white picket fence and a garden, a fancy group of friends. The only catch: Evie Porter doesn't exist. The identity comes first: Evie Porter. Once she's given a name and location by her mysterious boss Mr. Smith, she learns everything there is to know about the town and the people in it. Then the mark: Ryan Sumner. The last piece of the puzzle is the job. Evie isn't privy to Mr. Smith's real identity, but she knows this job will be different. Ryan has gotten under her skin, and she's starting to envision a different sort of life for herself. But Evie can't make any mistakes--especially after what happened last time. Because the one thing she's worked her entire life to keep clean, the one identity she could always go back to-her real identity-just walked right into this town. Evie Porter must stay one step ahead of her past while making sure there's still a future in front of her. The stakes couldn't be higher--but then, Evie has always liked a challenge. |
| 650 #0 - PUNTO DE ACCESO ADICIONAL DE MATERIA--TÉRMINO DE MATERIA |
| Término de materia o nombre geográfico como elemento de entrada |
Man-woman relationships |
| 9 (RLIN) |
11137 |
| 650 #0 - PUNTO DE ACCESO ADICIONAL DE MATERIA--TÉRMINO DE MATERIA |
| Término de materia o nombre geográfico como elemento de entrada |
Impostors and imposture |
| 9 (RLIN) |
25449 |
| 650 #0 - PUNTO DE ACCESO ADICIONAL DE MATERIA--TÉRMINO DE MATERIA |
| Término de materia o nombre geográfico como elemento de entrada |
Lookalikes |
| Subdivisión de forma |
Fiction |
| 9 (RLIN) |
25450 |
| 650 #0 - PUNTO DE ACCESO ADICIONAL DE MATERIA--TÉRMINO DE MATERIA |
| Término de materia o nombre geográfico como elemento de entrada |
Criminal investigation |
| 9 (RLIN) |
22949 |
| 942 ## - ELEMENTOS DE ENTRADA AGREGADA (KOHA) |
| Fuente del sistema de clasificación o colocación |
Clasificación de Library of Congress |